Текст томруулах:    
India's public distribution system (Бичлэгийн дугаар. 146779)
000 -УДИРДЛАГА
Удирдлага 02220nam a22002657a 4500
003 - ХЯНАЛТЫН ТОО ТОДОРХОЙЛОГЧ
Код MN-UlNUM
005 - БИЧИЛТ ХИЙСЭН ОГНОО
Тухайн бичилтийг бичсэн засварласан сүүлийн огноо 20260331185510.0
008 - ЕРӨНХИЙ МЭДЭЭЛЭЛ
Ерөнхий мэдээлэл 260331s1997 dcua b 000 0 eng
020 ## - ISBN
ISBN 0821340905
-- 0821340905
040 ## - БИЧЛЭГ ҮҮСГЭГЧ БАЙГУУЛЛАГА
Бичлэг үүсгэгч номын сангийн код МУИС-ийн номын сан
084 ## - ББК АНГИЛАЛ
Нэмэлт тусгалт Нэг сэдэвт бүтээл
ББК ангилал 65.7
Зохиогчийн гурван тэмдэгт I-58
Мэдлэгийн ялгаа 65 - Эдийн засаг
245 ## - ҮНДСЭН ГАРЧИГ
Номын нэр India's public distribution system
Бага гарчгийн мэдээ a national and international perspective
Оролцогчдын тухай мэдээ R. Radhakrishna, K. Subbarao with S. Indrakant and C. Ravi
260 ## - ГАРАЛТЫН МЭДЭЭ
Хэвлэгдсэн газар Washington, D.C
Хэвлэлийн газар World Bank
Хэвлэгдсэн он 1997
300 ## - МАТЕРИАЛЫН ТОДОРХОЙЛОЛТ
хуудасны тоо xiii, 98 p. :
Бусад тоон мэдээлэл ill. ;
Хэмжээ 28 cm
500 ## - Тайлбар
Дансны дугаар БС 4407
505 ## - Агуулгын тэмдэглэгээ
Агуулгын тэмдэглэгээ Mark Twain once famously said "there was but one solitary thing about the past worth remembering, and that was the fact that it is past and can't be restored." Well, over recent years, The British Library, working with Microsoft has embarked on an ambitious programme to digitise its collection of 19th century books.There are now 65,000 titles available (that's an incredible 25 million pages) of material ranging from works by famous names such as Dickens, Trollope and Hardy as well as many forgotten literary gems , all of which can now be printed on demand and purchased right here on Amazon.Further information on The British Library and its digitisation programme can be found on The British Library website. Mark Twain once famously said "there was but one solitary thing about the past worth remembering, and that was the fact that it is past and can't be restored." Well, over recent years, The British Library, working with Microsoft has embarked on an ambitious programme to digitise its collection of 19th century books.There are now 65,000 titles available (that's an incredible 25 million pages) of material ranging from works by famous names such as Dickens, Trollope and Hardy as well as many forgotten literary gems , all of which can now be printed on demand and purchased right here on Amazon.Further information on The British Library and its digitisation programme can be found on The British Library website.
546 ## - ХЭЛНИЙ ТУХАЙ МЭДЭЭ
Хэл Англи хэл дээр,
653 ## - Түлхүүр үг
Түлхүүр үг poor
653 ## - Түлхүүр үг
Түлхүүр үг India
700 ## - ХАМ ЗОХИОГЧИД
Ба бус Radharkrishna, R
700 ## - ХАМ ЗОХИОГЧИД
Ба бус Subbarao, K
942 ## - ЭЛЕМЕНТИЙН ТӨРӨЛ
Зүйлийн төрөл Ном